La televisión económica: financiación, estrategias y mercados
Gespeichert in:
| 1. Verfasser: | |
|---|---|
| Format: | Buch |
| Sprache: | Spanisch |
| Veröffentlicht: |
Barcelona
Gedisa
2004
|
| Ausgabe: | 2a. ed |
| Schriftenreihe: | Estudios de Televisión, 1
|
| Schlagworte: | |
| Tags: |
Tag hinzufügen
Keine Tags, Fügen Sie den ersten Tag hinzu!
|
MARC
| LEADER | 00000nam a2200000 a 4500 | ||
|---|---|---|---|
| 001 | UCJ0643 | ||
| 003 | CL-VaPUC | ||
| 008 | 060825e20040000SP |||||||||||||||||spa|d | ||
| 020 | |a 8474327458 | ||
| 082 | 0 | 4 | |a 302.23 |b BUS |2 21 |
| 100 | |a Bustamante, Enrique |e autor |9 500859 | ||
| 245 | 1 | 3 | |a La televisión económica: financiación, estrategias y mercados |
| 250 | |a 2a. ed | ||
| 300 | |a 220 p | ||
| 942 | |c BK | ||
| 945 | |d 20060825 00:00:00 |a jtorresc | ||
| 260 | |a Barcelona |b Gedisa |c 2004 | ||
| 500 | |a www.gedisa.com | ||
| 650 | 0 | |a Televisión |9 256845 | |
| 650 | 0 | |a Telecomunicaciones |9 257195 | |
| 650 | 0 | |a Medios de comunicación de masas |9 257273 | |
| 650 | 7 | |a TELEVISION PRIVADA |2 CL-VaPUC |9 406392 | |
| 650 | 0 | |a Comunicación |9 257251 | |
| 583 | |a last modification |c 20140408 10:21:27 |k Rodrigo Vera | ||
| 490 | 0 | |a Estudios de Televisión, 1 | |
| 999 | |c 317407 |d 317405 | ||
| 952 | |0 0 |1 0 |4 0 |6 302_230000000000000_BUS_2004 |7 0 |8 A |9 393750 |a BIBCUR |b BIBCUR |d 2019-11-22 |i 4263278 |o 302.23 BUS 2004 |p 4263278 |r 2025-04-22 |w 2019-11-22 |y BK |k MGC | ||